Podział administracyjny Wolnego Miasta Gdańska - Statystyki

Ogólne statystyki
  • Ten quiz został rozwiązany 45 razy
  • Średni wynik to 2 z 5
Odpowiedzi na mapie
Odpowiedzi zakodowano w zielono-czerwonej skali na mapie do tego quizu, zgodnie z poniższymi procentami.
 
Statystyki odpowiedzi
Rodzaj powiatu Powiat % Poprawnych
Powiat miejski Sopot | Zoppot
97%
Powiat miejski Gdańsk | Danzig
95%
Powiat ziemski Wielkie Żuławy | Großes Werder
22%
Powiat ziemski Gdańskie Niziny | Danziger Niederung
16%
Powiat ziemski Gdańskie Wyżyny | Danziger Höhe
16%
Nie znaleziono quizów pasujących do podanych kryteriów
Rozkład punktacji
Procent ludzi z każdym wynikiem
Percentyl według liczby udzielonych odpowiedzi
Twoja historia wyników
Nie rozwiązałeś tego quizu